| 000 | 00695nam a22002411c 4500 | ||
|---|---|---|---|
| 001 | a987689509 | ||
| 008 | 180523s1943 gw |||| 000u ger d | ||
| 041 | _ager | ||
| 100 | 1 | _aDavies, Joseph Edward | |
| 240 | 1 | 0 | _aMission to Moscow |
| 245 | 0 | 0 |
_aAls USA-Botschafter in Moskau : _bauthentische und vertrauliche Berichte über die Sowjet-Union bis Oktober 1941 |
| 250 | _a3. Auflage | ||
| 264 |
_aZürich : _bSteinberg Verlag, _c1943 |
||
| 600 | 0 | _aDavies, Joseph Edward | |
| 600 | 0 | _aStalin, Iosif V. | |
| 650 | 0 | _aWeltkrieg <1939-1945> | |
| 650 | 0 | _aAußenpolitik | |
| 651 | 0 | _aEuropa | |
| 651 | 0 | _aSowjetunion | |
| 942 | _cMG | ||
| 040 | _cRU-10907106 | ||
| 003 | RU-10907106 | ||
| 999 |
_c51050 _d51050 |
||